000 00636nam a22002417a 4500
003 UA-OsUOA
001 26754
007 ta
008 20040609b un ||||| |||| 00| 0 ukr d
090 _a630
_bД58
942 _cBK
040 _aUA-OsUOA
_bukr
_cUA-OsUOA
_dUA-OsUOA
245 _aДовідник сільського електрика
_cВ.С.Олійник Є.Л.Жулай В.Ф.Гончар
300 _a296 с.
955 _a0
041 _aukr
080 _a630
260 _aКиїв
_bУрожай
_c1980
044 _aUA
250 _n2-е изд., доп. і перероб.
650 7 _2UDC
999 _c313082
_d313082